Phương pháp luận giải mã văn bản văn học.
Quan hệ văn bản - tác phẩm và bạn đọc. Phương pháp luận giải mã văn bản văn học. Thể nghiệm giải mã văn bản văn học.
Enregistré dans:
| Auteur principal: | |
|---|---|
| Format: | Livre |
| Langue: | Vietnamese |
| Publié: |
H.
Đại học Sư phạm
2017
|
| Sujets: | |
| Tags: |
Ajouter un tag
Pas de tags, Soyez le premier à ajouter un tag!
|
| Thư viện lưu trữ: | Mạng thư viện Đại học Đà Nẵng |
|---|
| LEADER | 01141nam a2200313 4500 | ||
|---|---|---|---|
| 001 | 000025150 | ||
| 003 | 21641 | ||
| 005 | 20170516100504.0 | ||
| 008 | 170516s2017 viesd | ||
| 020 | |c 60000 | ||
| 041 | 0 | |a vie | |
| 082 | 1 | 4 | |a 807 |b PH-L |
| 100 | 1 | |a Phan Trọng Luận | |
| 245 | 1 | 0 | |a Phương pháp luận giải mã văn bản văn học. |c Phan Trọng Luận |
| 260 | |a H. |b Đại học Sư phạm |c 2017 | ||
| 300 | |a 175 tr. |c 24 cm. | ||
| 520 | 3 | |a Quan hệ văn bản - tác phẩm và bạn đọc. Phương pháp luận giải mã văn bản văn học. Thể nghiệm giải mã văn bản văn học. | |
| 650 | 0 | 4 | |a Văn học |x Văn bản |
| 653 | |a Văn học | ||
| OWN | |a LSP | ||
| AVA | |a UDN50 |b LSP |d 807 PH-L |e available |t Error 5001 Not defined in file expand_doc_bib_avail. |f 3 |g 0 |h N |i 0 |k 1 | ||
| 999 | |a From the UDN01 | ||
| AVA | |a UDN50 |b LSP |d 807 PH-L |e available |t Error 5001 Not defined in file expand_doc_bib_avail. |f 3 |g 0 |h N |i 0 |k 1 | ||
| TYP | |a Monograph | ||
| TYP | |a Printed language | ||
| 980 | |a Mạng thư viện Đại học Đà Nẵng | ||